Assessment of antibiotic use and antimicrobial resistance in poultry farms in kampong speu province, ការប្រើប្រាស់ឳសថអង់ទីប៊ីយ៉ូទិក និងភាពស៊ាំនឹងឳសថប្រឆាំងមេរោគនៅក្នុងផលិតកម្មបក្សីនៅខេត្តកំពង់ស្ពឺ (Record no. 24257)

000 -LEADER
fixed length control field 00781nam a22001337a 4500
040 ## - CATALOGING SOURCE
Transcribing agency RUA
082 ## - DEWEY DECIMAL CLASSIFICATION NUMBER
Classification number VEM CHH 2022 B1.401 Or.1
100 ## - MAIN ENTRY--AUTHOR NAME
Personal name CHHORN CHANCHAKRIYA, ឈន ច័ន្ទចរិយា
245 ## - TITLE STATEMENT
Title Assessment of antibiotic use and antimicrobial resistance in poultry farms in kampong speu province, ការប្រើប្រាស់ឳសថអង់ទីប៊ីយ៉ូទិក និងភាពស៊ាំនឹងឳសថប្រឆាំងមេរោគនៅក្នុងផលិតកម្មបក្សីនៅខេត្តកំពង់ស្ពឺ
260 ## - PUBLICATION, DISTRIBUTION, ETC. (IMPRINT)
Place of publication PHNOM PENH
Name of publisher RUA
Year of publication 2022
300 ## - PHYSICAL DESCRIPTION
Number of Pages x,
Other physical details ill,
Dimensions 29cm,
856 ## - ELECTRONIC LOCATION AND ACCESS
Uniform Resource Identifier https://drive.google.com/file/d/1Ys9M5CK7CM0s61AvGwXIFsuOQAHHTLTm/view?usp=sharing
942 ## - ADDED ENTRY ELEMENTS (KOHA)
Koha item type VEM
952 ## - LOCATION AND ITEM INFORMATION (KOHA)
Withdrawn status [LOCAL, KOHA] 0
952 ## - LOCATION AND ITEM INFORMATION (KOHA)
Withdrawn status [LOCAL, KOHA] 0
952 ## - LOCATION AND ITEM INFORMATION (KOHA)
Withdrawn status [LOCAL, KOHA] 0
Holdings
Koha item type Barcode Lost status Permanent Location Current Location Date acquired Full call number
VEMA079411 Library Block BLibrary Block B2025-02-14VEM CHH 2022 B1.401 Or.1
VEMA079415 Library Block BLibrary Block B2025-02-14VEM CHH 2022 B1.401 Or.2
VEMA079419 Library Block BLibrary Block B2025-02-14VEM CHH 2022 B1.401 Or.3
មជ្ឈមណ្ឌលឯការនៃសាកលវិទ្យាល័យភូមិន្ទកសិកម្មចំការដូង

Powered by Koha